| 000 | 01176nam a2200193Ia 4500 | ||
|---|---|---|---|
| 003 | OSt | ||
| 005 | 20251125134743.0 | ||
| 008 | 210518s2015 xx 000 0 und d | ||
| 040 |
_beng _cnls |
||
| 100 | _aMr. Kumarage Don Chandrapala Kumarage | ||
| 245 |
_aInternational Human Rights Standards and National Security Laws of Sri Lanka : _bA Comparative Study |
||
| 260 |
_aBangalore _bNLSIU _c2015 |
||
| 300 | _a429p | ||
| 505 | _aCONTENTS Certificate; Declaration; Acknowledgement; List of Statutes; List of Cases; Abbreviations; Chapter I Introduction; Chapter II Derogations of Human Rights in International Law; Chapter III Principle of Non-dErogability; Chapter IV National Security Laws in Sri Lanka; Chapter V Public Security Ordinance of Sri Lanka; Chapter VI Prevention of Terrorism Act: An Analysis; Chapter VII Prevention of Terrorism Laws of U.K and India: A Study; Chapter VIII Conclusion; Bibliography. | ||
| 520 |
_aHuman Right - International Law _aInternational Human Rights _aNational Security Laws - Sri Lanka |
||
| 700 | _aProf. (Dr.) V Vijayakumar - Guide | ||
| 856 | _uhttps://dans.nls.ac.in/handle/123456789/537 | ||
| 942 |
_2ddc _cTH |
||
| 999 |
_c111220 _d111220 |
||